| 000 | 00696nam a2200229 i 4500 | ||
|---|---|---|---|
| 001 | 13350 | ||
| 003 | ES-MaACL | ||
| 005 | 20230906150542.0 | ||
| 007 | t| | ||
| 008 | 971030s1997 sp |||| | spa j | ||
| 020 | _a84-8190-095-8 | ||
| 080 | _a821.134.2-14"19" | ||
| 100 | 1 |
_aDíez Serrano, Isabel. _944650 |
|
| 245 | 1 | 3 |
_aLa palabra es la sombra de las cosas _b: (pensamientos) / _cIsabel Díez Serrano. |
| 250 | _a1ª ed. | ||
| 260 |
_aVigo : _bCardeñoso, _c1997. |
||
| 300 |
_a71 p. ; _c21 cm. |
||
| 490 | 1 |
_aCuencos literarios ; _v203 |
|
| 830 | 0 |
_aCuencos literarios ; _v203 _9179433 |
|
| 852 |
_aES-MaACL _jL-20737 _z. - Dedicatoria autógrafa de la autora |
||
| 999 |
_c13350 _d13350 |
||